| 000 | 00335nam a22001457a 4500 | ||
|---|---|---|---|
| 003 | SGT | ||
| 020 | _a978-81-312-6118-7 | ||
| 082 |
_a615.1 _bEVA |
||
| 100 | _aEVANS, WILLIAM C. | ||
| 245 | _aTREASE AND EVANS PHARMACOGNOSY | ||
| 260 |
_aINDIA _bELSEVIER PUB. _c2025 |
||
| 300 | _a603 | ||
| 650 | _aPHARMACOGNOSY | ||
| 942 |
_2ddc _cBK |
||
| 999 |
_c33099 _d33099 |
||